Studio Ghibli - filmy - Statystyki

Ogólne statystyki
  • Ten quiz został rozwiązany 52 razy
  • Średni wynik to 12 z 23
Statystyki odpowiedzi
Rok Tytuł % Poprawnych
2004 Ruchomy zamek Hauru
88%
1988 Mój sąsiad Totoro
85%
1997 Księżniczka Mononoke
76%
2001 Spirited Away: W krainie bogów
76%
1988 Grobowiec świetlików
71%
2008 Ponyo
68%
2002 Narzeczona dla kota
65%
1989 Podniebna poczta Kiki
65%
1986 Laputa – podniebny zamek
56%
1995 Szept serca
53%
1992 Szkarłatny pilot
53%
2013 Zrywa się wiatr
53%
2010 Tajemniczy świat Arrietty
47%
2013 Księżniczka Kaguya
44%
1984* Nausicaä z Doliny Wiatru
44%
2016 Czerwony żółw
41%
2011 Makowe wzgórze
41%
2014 Marnie. Przyjaciółka ze snów
41%
1994 Szopy w natarciu
41%
2006 Opowieści z Ziemiomorza
38%
1993 Szum morza
35%
1991 Powrót do marzeń
29%
1999 Rodzinka Yamadów
29%
Nie znaleziono quizów pasujących do podanych kryteriów
Rozkład punktacji
Procent ludzi z każdym wynikiem
Percentyl według liczby udzielonych odpowiedzi
Twoja historia wyników
Nie rozwiązałeś tego quizu